000
00337nam a2200145Ia 4500
100
_a
Schneider/ Michael G
250
_a
2
942
_c
BK
366
_f
25
654
_a
pascal
245
_a
Introduction to programming and problem solving with pascal
260
_b
Wiley India
_c
1982
082
_b
SCH
546
_a
ENGLISH
_c
Computers
999
_c
22966
_d
22966